<?xml version="1.0" encoding="UTF-8"?>
<record
    xmlns:xsi="http://www.w3.org/2001/XMLSchema-instance"
    xsi:schemaLocation="http://www.loc.gov/MARC21/slim http://www.loc.gov/standards/marcxml/schema/MARC21slim.xsd"
    xmlns="http://www.loc.gov/MARC21/slim">

  <leader>02668njm a2200481Ia 4500</leader>
  <controlfield tag="001">25800</controlfield>
  <controlfield tag="003">IT-RoPAU</controlfield>
  <controlfield tag="005">20220918181117.0</controlfield>
  <controlfield tag="008">131025s9999    xx            000 0 und d</controlfield>
  <datafield tag="040" ind1=" " ind2=" ">
    <subfield code="a">IT-RoPAU</subfield>
  </datafield>
  <datafield tag="040" ind1=" " ind2=" ">
    <subfield code="c">IT-RoPAU</subfield>
  </datafield>
  <datafield tag="041" ind1=" " ind2=" ">
    <subfield code="a">INGLESE</subfield>
  </datafield>
  <datafield tag="999" ind1=" " ind2=" ">
    <subfield code="c">99530</subfield>
    <subfield code="d">99530</subfield>
  </datafield>
  <datafield tag="999" ind1=" " ind2=" ">
    <subfield code="b">NO</subfield>
  </datafield>
  <datafield tag="100" ind1=" " ind2=" ">
    <subfield code="a">AA.VV.</subfield>
    <subfield code="9">794</subfield>
  </datafield>
  <datafield tag="100" ind1=" " ind2=" ">
    <subfield code="e">Autore musica</subfield>
    <subfield code="9">14382</subfield>
  </datafield>
  <datafield tag="100" ind1=" " ind2=" ">
    <subfield code="g">Codice autore musica SPICS: 12000</subfield>
    <subfield code="9">796</subfield>
  </datafield>
  <datafield tag="245" ind1=" " ind2=" ">
    <subfield code="a">Presenting... Nana Mouskouri</subfield>
  </datafield>
  <datafield tag="250" ind1=" " ind2=" ">
    <subfield code="a">1a ed.</subfield>
  </datafield>
  <datafield tag="260" ind1=" " ind2=" ">
    <subfield code="a">ENGLAND</subfield>
  </datafield>
  <datafield tag="260" ind1=" " ind2=" ">
    <subfield code="b">FONTANA RECORD</subfield>
    <subfield code="c">1973 [1a Ed.:1973 - Ed. Lingua Orig.: 1973]</subfield>
  </datafield>
  <datafield tag="300" ind1=" " ind2=" ">
    <subfield code="a">MUSICASSETTA</subfield>
  </datafield>
  <datafield tag="300" ind1=" " ind2=" ">
    <subfield code="c">42 minuti (Testo:  pag.)</subfield>
  </datafield>
  <datafield tag="500" ind1=" " ind2=" ">
    <subfield code="a">Canzone inglese. Musica leggera</subfield>
  </datafield>
  <datafield tag="505" ind1=" " ind2=" ">
    <subfield code="a">Milisse Mou - Blow the Wind Southerly - Open the Door (Song For Judith) - Morning Has Broken - Imagine - My Colouring Book - And I Love You So - Let It Be - The Bonnie Banks O' Loch Lomond - I Have A Dream - If You Love Me (I Won't Care)</subfield>
  </datafield>
  <datafield tag="650" ind1=" " ind2=" ">
    <subfield code="a">CANZONE [CASSETTE]</subfield>
    <subfield code="e">Codice MATERIA SPICS: 9951</subfield>
    <subfield code="9">14383</subfield>
  </datafield>
  <datafield tag="700" ind1=" " ind2=" ">
    <subfield code="a">Mouskouri Nana</subfield>
    <subfield code="g">Codice interprete SPICS: 11466</subfield>
    <subfield code="e">Interprete</subfield>
    <subfield code="9">14384</subfield>
  </datafield>
  <datafield tag="700" ind1=" " ind2=" ">
    <subfield code="a">Hadjidakis</subfield>
    <subfield code="g">Codice autore musica SPICS: 13935</subfield>
    <subfield code="e">Autore musica</subfield>
    <subfield code="p">Milisse Mou</subfield>
    <subfield code="9">14385</subfield>
  </datafield>
  <datafield tag="700" ind1=" " ind2=" ">
    <subfield code="a">Gatsos</subfield>
    <subfield code="g">Codice autore SPICS: 16935</subfield>
    <subfield code="e">Autore</subfield>
    <subfield code="p">Milisse Mou</subfield>
    <subfield code="9">14386</subfield>
  </datafield>
  <datafield tag="700" ind1=" " ind2=" ">
    <subfield code="a">Anonimo</subfield>
    <subfield code="g">Codice autore musica SPICS: 2620</subfield>
    <subfield code="e">Autore musica</subfield>
    <subfield code="p">Blow the Wind Southerly - The Bonnie Banks O' Loch Lomond</subfield>
    <subfield code="9">14387</subfield>
  </datafield>
  <datafield tag="700" ind1=" " ind2=" ">
    <subfield code="a">Collins Lee</subfield>
    <subfield code="g">Codice autore musica SPICS: 16270</subfield>
    <subfield code="e">Autore musica</subfield>
    <subfield code="p">Open the Door (Song For Judith)</subfield>
    <subfield code="9">14388</subfield>
  </datafield>
  <datafield tag="700" ind1=" " ind2=" ">
    <subfield code="a">Stevens</subfield>
    <subfield code="g">Codice autore musica SPICS: 16936</subfield>
    <subfield code="e">Autore musica</subfield>
    <subfield code="p">Morning Has Broken</subfield>
    <subfield code="9">14389</subfield>
  </datafield>
  <datafield tag="700" ind1=" " ind2=" ">
    <subfield code="a">Farjeon</subfield>
    <subfield code="g">Codice autore testo/musica SPICS: 34518</subfield>
    <subfield code="e">Autore testo/musica</subfield>
    <subfield code="p">Morning Has Broken</subfield>
    <subfield code="9">14390</subfield>
  </datafield>
  <datafield tag="700" ind1=" " ind2=" ">
    <subfield code="a">Lennon John</subfield>
    <subfield code="g">Codice autore musica SPICS: 13133</subfield>
    <subfield code="e">Autore musica</subfield>
    <subfield code="p">Imagine - Let It Be</subfield>
    <subfield code="9">14391</subfield>
  </datafield>
  <datafield tag="700" ind1=" " ind2=" ">
    <subfield code="a">Ebb Fred</subfield>
    <subfield code="g">Codice autore musica SPICS: 11319</subfield>
    <subfield code="e">Autore musica</subfield>
    <subfield code="p">My Colouring Book</subfield>
    <subfield code="9">14392</subfield>
  </datafield>
  <datafield tag="700" ind1=" " ind2=" ">
    <subfield code="a">Kander John</subfield>
    <subfield code="g">Codice autore SPICS: 8296</subfield>
    <subfield code="e">Autore</subfield>
    <subfield code="p">My Colouring Book</subfield>
    <subfield code="9">14393</subfield>
  </datafield>
  <datafield tag="700" ind1=" " ind2=" ">
    <subfield code="a">McLean Don</subfield>
    <subfield code="g">Codice autore musica SPICS: 16937</subfield>
    <subfield code="e">Autore musica</subfield>
    <subfield code="p">And I Love You So</subfield>
    <subfield code="9">14394</subfield>
  </datafield>
  <datafield tag="700" ind1=" " ind2=" ">
    <subfield code="a">McCartney Paul</subfield>
    <subfield code="g">Codice autore musica SPICS: 8084</subfield>
    <subfield code="e">Autore musica</subfield>
    <subfield code="p">Let It Be</subfield>
    <subfield code="9">14395</subfield>
  </datafield>
  <datafield tag="700" ind1=" " ind2=" ">
    <subfield code="a">Delano&#xE9;  P.</subfield>
    <subfield code="g">Codice autore musica SPICS: 14437</subfield>
    <subfield code="e">Autore musica</subfield>
    <subfield code="p">I Have A Dream</subfield>
    <subfield code="9">14396</subfield>
  </datafield>
  <datafield tag="700" ind1=" " ind2=" ">
    <subfield code="a">Fugain Michel</subfield>
    <subfield code="g">Codice autore SPICS: 15567</subfield>
    <subfield code="e">Autore</subfield>
    <subfield code="p">I Have A Dream</subfield>
    <subfield code="9">14397</subfield>
  </datafield>
  <datafield tag="700" ind1=" " ind2=" ">
    <subfield code="a">Piaf Edith</subfield>
    <subfield code="g">Codice autore musica SPICS: 11566</subfield>
    <subfield code="e">Autore musica</subfield>
    <subfield code="p">If You Love Me (I Won't Care)</subfield>
    <subfield code="9">14398</subfield>
  </datafield>
  <datafield tag="700" ind1=" " ind2=" ">
    <subfield code="a">Parsons Alan (Project)</subfield>
    <subfield code="g">Codice autore SPICS: 11422</subfield>
    <subfield code="e">Autore</subfield>
    <subfield code="p">If You Love Me (I Won't Care)</subfield>
    <subfield code="9">14399</subfield>
  </datafield>
  <datafield tag="942" ind1=" " ind2=" ">
    <subfield code="c">MC</subfield>
    <subfield code="2">ddc</subfield>
  </datafield>
  <datafield tag="952" ind1=" " ind2=" ">
    <subfield code="0">0</subfield>
    <subfield code="1">0</subfield>
    <subfield code="4">0</subfield>
    <subfield code="6">25800_000000000000000</subfield>
    <subfield code="7">1</subfield>
    <subfield code="a">SPICS</subfield>
    <subfield code="b">SPICS</subfield>
    <subfield code="d">2013-10-25</subfield>
    <subfield code="l">0</subfield>
    <subfield code="o">25800</subfield>
    <subfield code="r">2013-10-25 00:00:00</subfield>
    <subfield code="w">2013-10-25</subfield>
    <subfield code="y">MC</subfield>
    <subfield code="z">Progr. Ins.: 5673 / N.Vol.: 1 / Copie: 1 - Copia rara: NO / date import: 01.01.2014 - By Epidotti, Trombetti, Vaglietti</subfield>
  </datafield>
</record>
